00785nam a2200193Ia 450000500170000000800410001702000180005804000130007608200170008910000170010624501040012326000430022730000140027054600120028465001100029694200090040695201590041599900170057420260216155939.0231207s9999 xx 000 0 und d a9780393970128 cPK-LaNCA aFTV 823bSTO aStoker, Bram 0aDracula : authoritative text contexts reviews and reactions dramatic and film variations criticism bW. W. Norton & CompanyaNew Yorkc1997 axiv, 488p aEnglish aEnglish fiction. Horror tales, english--History and criticism. Dracula, Count(Fictitious chracter|). FTV. cF&TV 0010406FTV_823_000000000000000_STO_2655470922264aNCAbNCAcFilm & TV d2023-12-08l0oFTV 823 STO 26554p26554r2023-12-08 00:00:00w2023-12-08yF&TV c22264d22264